[Event "Olympiad Women 2024"]
[Site "Budapest HUN"]
[Date "2024.09.12"]
[Round "2.4"]
[Board "2"]
[White "Alboredo, Julia"]
[Black "Maltsevskaya, Aleksandra"]
[Result "0-1"]
[WhiteElo "2127"]
[BlackElo "2404"]
[PlyCount "80"]
[EventDate "2024.09.11"]
[WhiteTeam "Brazil"]
[BlackTeam "Poland"]
[WhiteTeamCountry "BRA"]
[BlackTeamCountry "POL"]

1. e4 c6 2. d4 d5 3. exd5 cxd5 4. Bd3 Nf6 5. c3 Bg4 6. Qb3 Qc7 7. Ne2 Bxe2 8. Bxe2 e6 9. O-O ({RR} 9. Nd2 Bd6 10. Nf3 Nc6 11. g3 h5 12. Be3 O-O-O 13. O-O-O Na5 14. Qc2 Nc4 15. Bg5 Kb8 16. Bxc4 Qxc4 17. Ne5 Qc7 18. Kb1 Rc8 19. Bf4 Rhd8 20. Rhe1 Ka8 21. Qe2 a6 22. Rc1 Bxe5 23. Bxe5 Qe7 {½-½ Carlsen,M (2847)-Ding,L (2799) Goldmoney Asian Rapid KO 2021 (3.13)}) 9... Bd6 10. f4 ({RR} 10. g3 O-O 11. Qd1 Nc6 12. Nd2 Rab8 13. a4 a6 14. f4 b5 15. axb5 axb5 16. b4 Ne7 17. Bb2 Ne4 18. Ra3 Qc6 19. Nb1 Nf5 20. Qd3 Bc7 21. Nd2 Nfd6 22. Rfa1 Rfc8 23. Ra6 Bb6 24. R1a3 Nxd2 {½-½ Yu,S (1705)-Wang,Z (1788) Chinese Youth U14 2024 (11.2)}) 10... O-O $146 ({RR} 10... g6 11. Nd2 Nc6 12. Nf3 Ne4 13. Ne5 O-O 14. Bd3 f5 15. Be3 Rac8 16. Qd1 Rfd8 17. Qe2 Qb6 18. Kh1 a6 19. g4 Qc7 20. Rg1 Rf8 21. gxf5 exf5 22. Nxg6 hxg6 23. Rxg6+ Kf7 24. Qh5 Ke8 25. Rxd6+ {½-½ Oliveira,S (2280)-Mchedlishvili,M (2570) Titled Tuesday intern op 4th Aug 10am blitz 2020 (2)}) 11. Bd3 Nc6 12. Qd1 Ne4 13. Bxe4 dxe4 14. Qe2 f5 15. Be3 Ne7 16. g3 Nd5 17. Nd2 b5 18. a4 a6 19. h4 Qc6 20. Ra2 bxa4 21. Nc4 Rab8 22. Nxd6 Qxd6 23. Rxa4 Nxe3 24. Qxe3 Rxb2 25. Rf2 Rfb8 26. Ra2 Rxa2 27. Rxa2 Rb1+ 28. Kh2 Qc6 29. h5 Rb3 30. Rc2 a5 31. h6 a4 32. d5 exd5 33. Qd4 Qxh6+ 34. Kg2 Qc6 35. c4 a3 36. Rd2 h6 37. cxd5 Qg6 38. Qf2 e3 39. Qf3 exd2 40. Qxb3 Qg4 0-1

[Event "Olympiad Women 2024"]
[Site "Budapest HUN"]
[Date "2024.09.12"]
[Round "2.4"]
[Board "3"]
[White "Kiolbasa, Oliwia"]
[Black "Tamarozi, Isabelle"]
[Result "1-0"]
[WhiteElo "2348"]
[BlackElo "2059"]
[PlyCount "63"]
[EventDate "2024.09.11"]
[WhiteTeam "Poland"]
[BlackTeam "Brazil"]
[WhiteTeamCountry "POL"]
[BlackTeamCountry "BRA"]

1. e4 c5 2. Nf3 Nc6 3. Bb5 g6 4. Bxc6 bxc6 5. d4 cxd4 6. Qxd4 f6 7. O-O Bg7 8. c4 Nh6 9. c5 Nf7 10. Nc3 O-O 11. Qc4 $146 ({RR} 11. Rd1 Qc7 12. Qa4 Rb8 13. b3 a5 {½-½ Kraus,T (2491)-Jirovsky,M (2460) TCh-CZE 1 Liga Zapad 2023 (6.1)}) ({RR} 11. Rd1 Rb8 12. Rb1 Qc7 13. Qc4 Kh8 14. Be3 g5 15. b4 g4 16. Nd4 Ne5 17. Qe2 e6 18. b5 Qa5 19. Rb3 cxb5 20. Ndxb5 Ba6 21. a4 f5 22. exf5 exf5 23. Bf4 Rbe8 24. Qc2 Ng6 25. Bc7 Bxc3 {1-0 Neiksans,A (2571)-Kupervaser,E (2371) Titled Tuesday intern op 14th Dec blitz 2021 (3)}) 11... Qa5 12. b4 Ba6 13. Qb3 Qc7 14. Rd1 Rab8 15. Be3 Kh8 16. a4 Bc8 17. b5 d6 18. b6 Qd7 19. a5 a6 20. Rac1 Qg4 21. Nd4 Ne5 22. h3 Qh5 23. Nce2 dxc5 24. Nf4 Qh4 25. Rxc5 g5 26. Nfe6 Rg8 27. Nxg7 Rxg7 28. Rxe5 fxe5 29. Nxc6 Rg8 30. Qd5 Bxh3 31. Qxe5+ Rg7 32. Qxb8+ 1-0

[Event "Olympiad Women 2024"]
[Site "Budapest HUN"]
[Date "2024.09.12"]
[Round "2.4"]
[Board "4"]
[White "Dias, Clara"]
[Black "Sliwicka, Alicja"]
[Result "0-1"]
[WhiteElo "1954"]
[BlackElo "2373"]
[PlyCount "130"]
[EventDate "2024.09.11"]
[WhiteTeam "Brazil"]
[BlackTeam "Poland"]
[WhiteTeamCountry "BRA"]
[BlackTeamCountry "POL"]

1. e4 {Schussler,Harry} e5 2. Nf3 Nc6 3. Bc4 Nf6 4. d3 Be7 5. c3 O-O 6. O-O d5 7. exd5 Nxd5 8. Re1 Bg4 9. Nbd2 Nb6 ({RR} 9... Kh8 10. a4 ({RR} 10. h3) 10... f6 11. a5 Rb8 12. Nf1 Be6 13. Qa4 a6 14. Bxa6 Nxa5 15. Qxa5 Ra8 16. Qb5 Nb6 17. Be3 Bd7 18. Qb3 bxa6 19. d4 e4 20. N3d2 f5 21. d5 Rb8 22. Qa2 Bf6 23. Rad1 Na4 24. Nc4 {0-1 Yudasin,L (2645)-Ivanchuk,V (2695) Candidates m2 1991 (2)}) 10. h3 ({RR} 10. Bb5 Bd6 11. Nf1 Qf6 12. Bxc6 bxc6 13. Ng3 h6 14. h3 Bxf3 15. Qxf3 Qxf3 16. gxf3 f5 17. Bd2 Na4 18. b3 Nb2 19. d4 Nd3 20. Re2 Rae8 21. Rd1 e4 22. Kg2 Bf4 23. Be3 Bxg3 24. fxg3 g5 {1-0 Titze,L (2219)-Pescatore,L (2358) 55th Italian Teams GpB 2024 (7.12)}) 10... Nxc4 $146 ({RR} 10... Bh5 11. Bb5 f6 12. Ne4 Qd5 13. Bxc6 Qxc6 14. Ng3 Bxf3 15. Qxf3 Qxf3 16. gxf3 Bd6 17. Ne4 Nd5 18. Bd2 Be7 19. a3 Rad8 20. Rad1 Rd7 21. d4 exd4 22. cxd4 Rfd8 23. Be3 c6 24. Ng3 g6 25. Rd3 {0-1 Todev,S (1703)-Deuer,M (2209) Wch FIDE Online U12 Europe qual rapid 2020 (3)}) ({RR} 10... Bh5 11. Qe2 Nxc4 12. Nxc4 f6 13. Be3 Qd7 14. Rad1 Rad8 15. b4 b5 16. Ncd2 Qxd3 17. Qxd3 Rxd3 18. Ne4 Rfd8 19. Rxd3 Rxd3 20. Rc1 Bg6 21. Nc5 Bxc5 22. Bxc5 Bf7 23. a3 Bd5 24. Be3 Bxf3 25. gxf3 {½-½ Rosen,E (2353)-Kashlinskaya,A (2494) IM Not A GM Speed Chess blitz 2020 (2.14)}) 11. Nxc4 Bxf3 12. Qxf3 Bf6 13. a4 Qd7 14. Bh6 Rfe8 15. Rad1 Qe6 16. Bc1 Rad8 17. Nd2 Qa2 18. Ne4 Be7 19. Qg4 g6 20. Ng3 Kh8 21. Bh6 Qxb2 22. Qc4 Kg8 23. Re3 Rd6 24. Ne4 Re6 25. Rf3 Qb6 26. Bg5 Na5 27. Qa2 Qb3 28. Qxb3 Nxb3 29. Rb1 Na5 30. Bf6 Bd8 31. Rb5 b6 32. Rd5 Nc6 33. Rd7 Be7 34. Rxc7 Kf8 35. Ng5 Bxf6 36. Nxh7+ Kg7 37. Nxf6 R8e7 38. Rxe7 Nxe7 39. Ne4 f5 40. Ng5 Rc6 41. c4 Rd6 42. Re3 Nc6 43. f4 exf4 44. Ne6+ Kf7 45. Nxf4 Nb4 46. h4 Rd4 47. g3 Nc2 48. Re2 Nb4 49. Rd2 a5 50. Kf2 Rd8 51. d4 Rc8 52. c5 bxc5 53. dxc5 Rxc5 54. Rd7+ Ke8 55. Rg7 Rc2+ 56. Kf3 Rc3+ 57. Kg2 Nc2 58. Rxg6 Ne3+ 59. Kg1 Ng4 60. Ne2 Ra3 61. h5 Kf7 62. Ra6 Rxa4 63. Kg2 Ra2 64. Kf3 a4 65. Nd4 Rf2# 0-1

[Event "Olympiad Women 2024"]
[Site "Budapest HUN"]
[Date "2024.09.12"]
[Round "2.5"]
[Board "1"]
[White "Rivera, Ingris"]
[Black "Song, Yuxin"]
[Result "0-1"]
[WhiteElo "2171"]
[BlackElo "2373"]
[PlyCount "86"]
[EventDate "2024.09.11"]
[WhiteTeam "Colombia"]
[BlackTeam "China"]
[WhiteTeamCountry "COL"]
[BlackTeamCountry "CHN"]

1. d4 Nf6 2. c4 e6 3. Nf3 b6 4. Nc3 Bb4 5. Bg5 h6 6. Bh4 Bb7 7. e3 g5 8. Bg3 Ne4 9. Qc2 d6 10. Bd3 Bxc3+ 11. bxc3 Nxg3 12. hxg3 g4 ({RR} 12... Nd7 13. e4 e5 14. Nd2 Qf6 15. d5 O-O-O 16. Nf1 Kb8 17. Ne3 Nc5 18. Be2 Qg6 19. Nf5 Bc8 20. Bh5 Qf6 21. Ne3 Bd7 22. f3 a5 23. Qd2 Qg7 24. Ke2 Rhf8 25. Bg4 Qg6 26. Bf5 Qf6 27. Ng4 {1-0 Iniyan,P (2495)-Momin Fayzan (1950) Titled Tue 2nd Apr Early 2024 (2)}) 13. Nd2 $146 ({RR} 13. Nh4 Qe7 14. O-O Nc6 15. Rab1 Rg8 16. Be4 Rg5 17. d5 Na5 18. dxe6 fxe6 19. c5 Rxc5 20. Bxb7 Nxb7 21. Qa4+ Qd7 22. Qxg4 O-O-O 23. Qg6 h5 24. Nf3 e5 25. Rfc1 Ra5 26. Rc2 Qe8 27. Qxe8 Rxe8 {½-½ Li,S (2558)-Zhou,J (2607) CHN-ch Xinghua 2013 (3)}) ({RR} 13. Nh4 Nd7 14. e4 Qg5 15. Rb1 Bc6 16. Qd2 Nf6 17. Qe2 Qa5 18. Rc1 O-O-O 19. O-O Qg5 20. Rb1 Nh5 21. Rb2 Rdg8 22. Rfb1 Nf4 23. Qd2 Ng6 24. Qxg5 hxg5 25. Nxg6 Rxg6 26. Kf1 Rh2 27. Ke2 Rgh6 {½-½ Urh,Z (2049)-Meglic,J (1965) Nova Gorica op 22nd 2017 (8)}) 13... Bxg2 14. Rh4 h5 15. Be4 Bxe4 16. Qxe4 Nd7 17. Ke2 Nf6 18. Qc6+ Ke7 19. Rah1 Qd7 20. Qxd7+ Kxd7 21. Kd3 Rag8 22. e4 Rg5 23. a4 Rh6 24. Rb1 a6 25. Nb3 Ng8 26. Ra1 Ne7 27. a5 b5 28. c5 Kc6 29. Re1 d5 30. exd5+ Rxd5 31. Rh2 Kd7 32. c4 bxc4+ 33. Kxc4 Nc6 34. Re4 Rf6 35. Re3 Rdf5 36. Re2 Rf3 37. Rd2 R6f5 38. Rg2 Ke7 39. Rh2 Rd5 40. Rd1 Ne5+ 41. Kb4 Nd3+ 42. Rxd3 Rxd3 43. Kc4 Rd1 0-1

[Event "Olympiad Women 2024"]
[Site "Budapest HUN"]
[Date "2024.09.12"]
[Round "2.5"]
[Board "2"]
[White "Guo, Qi"]
[Black "Argote Heredia, Valentina"]
[Result "1-0"]
[WhiteElo "2367"]
[BlackElo "2144"]
[PlyCount "79"]
[EventDate "2024.09.11"]
[WhiteTeam "China"]
[BlackTeam "Colombia"]
[WhiteTeamCountry "CHN"]
[BlackTeamCountry "COL"]

1. d4 Nf6 2. Nf3 e6 3. c4 Bb4+ 4. Bd2 Qe7 5. g3 Nc6 6. Nc3 O-O 7. Bg2 Bxc3 8. Bxc3 Ne4 9. Rc1 d6 10. O-O f5 ({RR} 10... a5 11. Be1 f5 12. d5 Nd8 13. Nd4 e5 14. Nb5 Nf7 15. Qc2 Nc5 16. b3 f4 17. a3 Ng5 18. b4 axb4 19. axb4 Na6 20. c5 Bf5 21. Qc4 Bh3 22. Bd2 Bxg2 23. Kxg2 Qd7 24. gxf4 exf4 25. Bxf4 {0-1 Dreev,A (2698)-Adams,M (2740) RUS Fed Internet Cup Final 5' blitz 2004 (3)}) ({RR} 10... e5 11. Be1 Bg4 12. d5 Nb8 13. Nh4 Ng5 14. Bd2 Nh3+ 15. Kh1 Na6 16. f3 Bd7 17. e4 g6 18. Bh6 Rfe8 19. Qd2 f6 20. b4 Ng5 21. Rce1 Rad8 22. a3 c5 23. b5 Nb8 24. a4 Bc8 25. a5 {0-1 Weetik,V (2423)-Terry,R (2520) Titled Tue 27th Jun Early 2023 (10)}) 11. d5 Nd8 12. b4 $146 ({RR} 12. Nd2 Nxc3 13. Rxc3 e5 14. c5 Nf7 15. Qb3 f4 {½-½ Keene,R (2505)-Karlsson,L (2500) Dortmunder Schachtage-10 1982 (8)}) ({RR} 12. dxe6 Nxe6 13. Nd4 N6g5 14. e3 Bd7 15. Qb3 c5 16. Ne2 Bc6 17. f3 Nxc3 18. Rxc3 Kh8 19. Rd3 a6 20. Nc3 b5 21. f4 Ne4 22. Bxe4 fxe4 23. Rd2 Rab8 24. Rfd1 Be8 25. Rxd6 Bh5 26. R1d2 b4 {1-0 Postny,E (2400)-Horvath,A (2412) Wch U18 Oropesa del Mar 1999 (6)}) 12... a5 13. a3 Bd7 14. Bb2 e5 15. c5 Nf7 16. Nd2 Nf6 17. Nc4 axb4 18. axb4 Ra6 19. Qd3 Rfa8 20. Na5 dxc5 21. Nxb7 e4 22. Qd2 cxb4 23. Rxc7 Ne8 24. Rcc1 Rb6 25. Nc5 Ra5 26. Nb3 Rab5 27. f3 e3 28. Qd3 f4 29. Rc4 fxg3 30. hxg3 Qg5 31. Nc5 Bc8 32. Ne4 Qd8 33. Qxe3 Bb7 34. Rd1 Rg6 35. Rc5 Rbb6 36. f4 Ned6 37. Nxd6 Nxd6 38. Bh3 Qh4 39. Qe6+ Kf8 40. Qxg6 1-0

[Event "Olympiad Women 2024"]
[Site "Budapest HUN"]
[Date "2024.09.12"]
[Round "2.5"]
[Board "3"]
[White "Chirivi C, Jenny Astrid"]
[Black "Ni, Shiqun"]
[Result "0-1"]
[WhiteElo "2120"]
[BlackElo "2348"]
[PlyCount "84"]
[EventDate "2024.09.11"]
[WhiteTeam "Colombia"]
[BlackTeam "China"]
[WhiteTeamCountry "COL"]
[BlackTeamCountry "CHN"]

1. d4 d5 2. c4 c6 3. cxd5 cxd5 4. Nc3 Nc6 5. Bf4 e6 6. e3 Bd6 7. Bxd6 Qxd6 8. f4 Nge7 9. Nf3 Bd7 10. Bd3 f6 11. O-O O-O 12. Rc1 Rac8 $146 ({RR} 12... Be8 13. g4 e5 14. fxe5 fxe5 15. Nxe5 Rxf1+ 16. Bxf1 Nxe5 17. dxe5 Qxe5 18. Qd4 Nc6 19. Qxe5 Nxe5 20. Nxd5 Rd8 21. Rd1 Kf8 22. Be2 Bf7 23. e4 Bxd5 24. exd5 Ke7 25. Kf2 Kd6 26. Ke3 Rc8 27. Rd2 {1-0 Zhang,X (2157)-Zhang,Z (2004) 4th Binhai Cup 2024 (7.8)}) ({RR} 12... Be8 13. Nh4 Bf7 14. Bb1 e5 15. fxe5 fxe5 16. Qg4 Qh6 17. Rce1 Be6 18. Nf5 Nxf5 19. Bxf5 Rxf5 20. Rxf5 Ne7 21. Qg3 Bxf5 22. Qxe5 Qe6 23. Qc7 Qd7 24. Qe5 Be6 25. Rf1 Ng6 26. Qg3 Rf8 27. Rxf8+ {0-1 Vasquez Schroder,R (2542)-Khairullin,I (2658) Wch Rapid Khanty-Mansiysk 2013 (3)}) 13. Bb1 Be8 14. Ne1 Bg6 15. Nd3 Nf5 16. Qd2 Qe7 17. Nb5 a6 18. Nc3 Nd6 19. b3 b6 20. Nf2 Bxb1 21. Rxb1 Qb7 22. Na4 Rc7 23. Rbc1 Rfc8 24. Rfd1 Ne7 25. Qe1 Nef5 26. Nd3 Rxc1 27. Rxc1 Rxc1 28. Qxc1 h5 29. g3 a5 30. Nf2 Qa6 31. Qd2 Qb5 32. Nb2 Qc6 33. Kg2 Qc2 34. Qxc2 Nxe3+ 35. Kf3 Nxc2 36. Na4 b5 37. Nc5 Nxd4+ 38. Ke3 N6f5+ 39. Kd3 e5 40. fxe5 fxe5 41. g4 e4+ 42. Kc3 b4+ 0-1

[Event "Olympiad Women 2024"]
[Site "Budapest HUN"]
[Date "2024.09.12"]
[Round "2.5"]
[Board "4"]
[White "Lu, Miaoyi"]
[Black "Mogollon Tobar, Nicolle Julieth"]
[Result "1-0"]
[WhiteElo "2438"]
[BlackElo "2045"]
[PlyCount "81"]
[EventDate "2024.09.11"]
[WhiteTeam "China"]
[BlackTeam "Colombia"]
[WhiteTeamCountry "CHN"]
[BlackTeamCountry "COL"]

1. e4 c6 2. d4 d5 3. exd5 cxd5 4. Bd3 Nf6 5. c3 Bg4 6. Qb3 Qc7 7. h3 Bh5 8. g4 Bg6 9. Bxg6 hxg6 10. g5 Nfd7 11. Qxd5 e5 12. Be3 Nc6 13. Nd2 Nb6 14. Qe4 O-O-O 15. Ne2 Nd5 $146 ({RR} 15... f5 16. gxf6 gxf6 17. Qxg6 exd4 18. cxd4 Nd5 19. Rc1 Kb8 20. Qg3 Bd6 21. Qf3 Qf7 22. Ne4 Bc7 23. a3 Rhe8 24. N4c3 Nxe3 25. fxe3 Qb3 26. Kf2 f5 27. Rhd1 Rd7 28. Rd2 Ne5 29. Qh5 Red8 30. Nf4 {0-1 Tukhaev,A (2542)-Mchedlishvili,M (2608) TUR-chT Ankara 2018 (3.2)}) ({RR} 15... f5 16. gxf6 gxf6 17. Qxg6 exd4 18. Nxd4 Nxd4 19. cxd4 Nd5 20. Kd1 Kb8 21. Rc1 Qa5 22. a3 f5 23. Bg5 Be7 24. Bxe7 Nxe7 25. Qg3+ f4 26. Qxf4+ Ka8 27. Rc4 Rhf8 28. Qg3 Nf5 29. Qe5 Qb6 30. Kc1 {0-1 Leniart,A (2465)-Bluebaum,M (2640) POL-chT Ekstraliga 2021 (8.5)}) 16. O-O-O exd4 17. Bxd4 Nxd4 18. Qxd4 Bc5 19. Qg4+ Kb8 20. Ne4 Bb6 21. Kb1 Rhe8 22. Rhe1 Ne7 23. N2g3 Nc6 24. f4 Rxd1+ 25. Rxd1 Rd8 26. f5 Ne5 27. Qe2 Nc4 28. fxg6 fxg6 29. Rd3 Rxd3 30. Qxd3 Ne3 31. Nd6 Bc5 32. Nge4 Nf5 33. Nxf5 gxf5 34. Nxc5 Qxc5 35. Qd8+ Qc8 36. Qxc8+ Kxc8 37. Kc2 Kd7 38. Kd3 Ke6 39. Kd4 g6 40. c4 b6 41. b4 1-0

[Event "Olympiad Women 2024"]
[Site "Budapest HUN"]
[Date "2024.09.12"]
[Round "2.6"]
[Board "1"]
[White "Osmak, Yuliia"]
[Black "Martynkova, Olena"]
[Result "0-1"]
[WhiteElo "2471"]
[BlackElo "2176"]
[PlyCount "67"]
[EventDate "2024.09.11"]
[WhiteTeam "Ukraine"]
[BlackTeam "Lithuania"]
[WhiteTeamCountry "UKR"]
[BlackTeamCountry "LTU"]

1. d4 d5 2. c4 c6 3. Nf3 Nf6 4. e3 g6 5. Nc3 Bg7 6. Be2 O-O 7. O-O Nbd7 8. cxd5 Nxd5 9. e4 Nxc3 ({RR} 9... Nc7 10. Bg5 Nb6 11. h3 h6 12. Be3 Kh7 13. a4 Be6 14. b3 f5 15. a5 Nd7 16. Rc1 Nf6 17. exf5 Bxf5 18. Nh4 e6 19. Nf3 Nfd5 20. Nxd5 Nxd5 21. a6 Qb6 22. axb7 Qxb7 23. Bd2 Rab8 24. Re1 {1-0 Grischuk,A (2776)-Jobava,B (2603) MrDodgy Online Inv 2nd blitz 2021 (1.1)}) 10. bxc3 e5 11. Be3 ({RR} 11. Rb1 h6 12. Re1 Re8 13. Bd3 b5 14. Be3 a6 15. h4 exd4 16. cxd4 c5 17. dxc5 Bb7 18. a4 Qe7 19. Rc1 Rec8 20. axb5 Nxc5 21. bxa6 Nxa6 22. Rxc8+ Rxc8 23. h5 Nc5 24. hxg6 Nxd3 25. gxf7+ Kf8 {1-0 Dardha,D (2552)-Cruz,J (2363) Alicante Easter op 6th 2022 (4)}) 11... Re8 12. Qc2 $146 ({RR} 12. d5 cxd5 13. Qxd5 Nf6 14. Qxd8 Rxd8 15. Rfd1 Bg4 16. h3 Be6 17. Ng5 Rxd1+ 18. Rxd1 Bxa2 19. Ra1 h6 20. Rxa2 hxg5 21. f3 Bf8 22. Bxg5 Bc5+ 23. Kh2 Kg7 24. Rd2 a5 25. Bc4 a4 26. Bxf6+ Kxf6 {1-0 Reis,P (2376)-Azevedo Junior,J (2039) BRA-ch sf Recife 2010 (2)}) 12... Qc7 13. Rad1 exd4 14. cxd4 Nb6 15. d5 Bg4 16. d6 Qd7 17. Rd2 Bxf3 18. Bxf3 Qe6 19. Rb1 Red8 20. Bc5 Be5 21. a4 Nc4 22. Bg4 Bxh2+ 23. Kxh2 Qe5+ 24. g3 Nxd2 25. Rb4 b6 26. Bd4 Qxd6 27. Qxd2 c5 28. e5 Qd5 29. e6 cxb4 30. exf7+ Qxf7 31. Qe1 Re8 32. Qxb4 Re4 33. f3 Re2+ 34. Kh1 0-1

[Event "Olympiad Women 2024"]
[Site "Budapest HUN"]
[Date "2024.09.12"]
[Round "2.6"]
[Board "2"]
[White "Limontaite, Simona"]
[Black "Buksa, Nataliya"]
[Result "0-1"]
[WhiteElo "2177"]
[BlackElo "2387"]
[PlyCount "58"]
[EventDate "2024.09.11"]
[WhiteTeam "Lithuania"]
[BlackTeam "Ukraine"]
[WhiteTeamCountry "LTU"]
[BlackTeamCountry "UKR"]

1. d4 Nf6 2. c4 e6 3. Nc3 d5 4. cxd5 exd5 5. Bg5 Nbd7 6. e3 c6 7. Bd3 Be7 8. Nf3 h6 9. Bh4 O-O 10. Qc2 Re8 11. O-O Ne4 12. Bxe7 Qxe7 13. Rae1 a5 14. Nd2 ({RR} 14. Bxe4 dxe4 15. Nd2 Nf6 16. f3 exf3 17. Nxf3 Be6 18. e4 Rad8 19. h3 Nh5 20. d5 Bc8 21. dxc6 bxc6 22. Rd1 Ba6 23. Rxd8 Rxd8 24. Rd1 Qa7+ 25. Qf2 Rxd1+ 26. Nxd1 Qe7 27. Nc3 Nf4 28. Qb6 Ne2+ {½-½ Livaic,L (2565)-Vidit,S (2710) Titled Tuesday intern op 13th Sep Early blitz 2022 (6)}) 14... Nxd2 15. Qxd2 Nf8 $146 ({RR} 15... Nb6 16. Ne2 h5 17. Nf4 Qg5 18. f3 Bf5 19. e4 Bh7 20. Re2 dxe4 21. fxe4 Rad8 22. d5 Nd7 23. Qxa5 Nf6 24. Qb4 cxd5 25. e5 Bxd3 26. Nxd3 Rd7 {½-½ Erdogmus,Y (2554)-Sadhwani,R (2654) 7th Sharjah Masters 2024 (8.20)}) 16. Na4 Qd8 17. Qc2 Bg4 18. a3 Bh5 19. Rb1 Ng6 20. Rbe1 Nf8 21. Rb1 Bg6 22. Nc5 Bxd3 23. Nxd3 Ng6 24. Qd1 Qg5 25. Qf3 Re4 26. g3 Rae8 27. Qg2 Qh5 28. Nf4 Nxf4 29. gxf4 R8e6 0-1

[Event "Olympiad Women 2024"]
[Site "Budapest HUN"]
[Date "2024.09.12"]
[Round "2.6"]
[Board "3"]
[White "Gaponenko, Inna"]
[Black "Baginskaite, Kamile"]
[Result "1-0"]
[WhiteElo "2324"]
[BlackElo "2103"]
[PlyCount "63"]
[EventDate "2024.09.11"]
[WhiteTeam "Ukraine"]
[BlackTeam "Lithuania"]
[WhiteTeamCountry "UKR"]
[BlackTeamCountry "LTU"]

1. e4 c5 2. Nf3 d6 3. d4 cxd4 4. Nxd4 Nf6 5. Nc3 a6 6. Be3 e5 7. Nb3 Be6 8. Qd2 Nbd7 9. O-O-O Be7 10. f4 b5 11. h3 h5 12. Be2 h4 13. Rhe1 Rc8 14. Kb1 Qc7 15. Nd5 Nxd5 16. exd5 Bf5 17. Bd3 Bxd3 $146 ({RR} 17... e4 18. Be2 Nf6 19. Rc1 O-O 20. c4 Qb8 21. cxb5 axb5 22. Nd4 Bd7 23. Nc6 Bxc6 24. dxc6 Rc7 25. Bd4 Rfc8 26. Bg4 Nxg4 27. hxg4 Rxc6 28. Rxc6 Rxc6 29. Rxe4 Qa8 30. Qe2 Bf8 31. f5 Rc8 32. Bc3 {1-0 Stets,D (2401)-Zwirs,N (2396) NED-chT 1718 2017 (1.3)}) ({RR} 17... e4 18. Be2 Nf6 19. Rc1 O-O 20. Bf2 Qb7 21. Red1 Rc7 22. Na5 Qc8 23. Bb6 e3 24. Bxe3 Ne4 25. Qb4 Re8 26. Bd3 Bf6 27. Bd4 Rc5 28. Bxf6 Nxf6 29. Bxf5 Qxf5 30. Nb7 Rc4 31. Qa3 Qxf4 32. Nxd6 {1-0 Stets,D (2414)-Yurtseven,M (2208) Kesarovski Georgiev Memorial 13th 2014 (8)}) 18. Qxd3 O-O 19. Bd2 Bf6 20. Re4 exf4 21. Ba5 Qa7 22. Rxf4 Rfe8 23. Be1 Ne5 24. Qf1 Ng6 25. Rxf6 gxf6 26. Nd4 Rc4 27. Bc3 Rxc3 28. bxc3 Qe7 29. Nf5 Qe5 30. Qf3 Rc8 31. Rd3 Qf4 32. Qxf4 1-0

[Event "Olympiad Women 2024"]
[Site "Budapest HUN"]
[Date "2024.09.12"]
[Round "2.6"]
[Board "4"]
[White "Simkunaite, Gabija"]
[Black "Doluhanova, Evgeniya"]
[Result "1/2-1/2"]
[WhiteElo "2005"]
[BlackElo "2304"]
[PlyCount "82"]
[EventDate "2024.09.11"]
[WhiteTeam "Lithuania"]
[BlackTeam "Ukraine"]
[WhiteTeamCountry "LTU"]
[BlackTeamCountry "UKR"]

1. e4 e5 2. Nf3 Nc6 3. Nc3 Nf6 4. d4 exd4 5. Nxd4 Bb4 6. Nxc6 bxc6 7. Bd3 d5 8. exd5 O-O 9. O-O cxd5 10. h3 c6 11. Qf3 Nd7 ({RR} 11... Rb8 12. Bf4 Bd6 13. b3 a5 14. Rfe1 Be6 15. Na4 Qc7 16. Bg5 Nd7 17. Qh5 g6 18. Qe2 Bh2+ 19. Kh1 Bf4 20. Bxf4 Qxf4 21. Rad1 Rfe8 22. Qe3 Qxe3 23. Rxe3 Kf8 24. Kh2 c5 25. Ba6 Red8 26. Re2 {½-½ Van Foreest,J (2644)-So,W (2765) Tata Steel-A 82nd 2020 (12)}) 12. Qf5 $146 ({RR} 12. Ne2 Nc5 13. Bf4 Nxd3 14. cxd3 Qb6 15. Ng3 Be7 16. Be5 f6 17. Bc3 d4 18. Bd2 Qxb2 19. Qxc6 Bxh3 20. gxh3 Qxd2 21. Qe6+ Rf7 22. Rab1 Qxd3 23. Rb7 Re8 24. Nf5 Kf8 25. Nd6 Qg6+ 26. Kh2 Bxd6+ {½-½ Goryachkina,A (2596)-Seo,J (2453) Titled Tuesday intern op 22nd June blitz 2021 (9)}) ({RR} 12. Qg3 Re8 13. Bf4 Nc5 14. Bg5 f6 15. Bh6 Re7 16. a3 Nxd3 17. cxd3 Bc5 18. Rac1 Ba6 19. Rfd1 Bd4 20. b4 Qe8 21. Bd2 Be5 22. Qf3 Qf7 23. Ne2 Rae8 24. Be3 Bb5 25. Nd4 Bxd4 26. Bxd4 Ba4 {1-0 Aydin,G (2202)-Doluhanova,E (2304) Olympiad Women 2024 (4.4)}) ({RR} 12. Bf4 Re8 13. Qg3 a5 14. Ne2 Nc5 15. Nd4 Qf6 16. Nf3 Nxd3 17. cxd3 Ba6 18. Rfc1 Rac8 19. d4 Re4 20. Be5 Qg6 21. a3 Be7 22. Qxg6 hxg6 23. Rc2 a4 24. Rac1 Bb5 25. Nd2 Re2 26. Nf1 f6 {1-0 Sanal,V (2577)-So,W (2765) Titled Tue 27th Jun Early 2023 (10)}) 12... g6 13. Qf4 Qe7 14. Qg3 Nc5 15. Bg5 f6 16. Bh6 Rd8 17. a3 Nxd3 18. axb4 Nxb2 19. Rfe1 Qf7 20. Ne2 Nc4 21. Nd4 Bd7 22. Re2 Re8 23. Rxe8+ Qxe8 24. Qc7 a6 25. c3 Ne5 26. Bf4 Nf7 27. Bd2 Qd8 28. Qg3 a5 29. bxa5 Rxa5 30. Rb1 Ra8 31. Bf4 Qe8 32. Nf3 Bf5 33. Re1 Qd7 34. Nd4 c5 35. Nxf5 Qxf5 36. Qe3 Rc8 37. g4 Qd7 38. Rd1 g5 39. Bg3 f5 40. gxf5 Qxf5 41. Kh2 Kg7 1/2-1/2